Movies Quiz

Random Movies or Quote Quiz

Fill in the Sporcle (Movie Quotes) Quiz Stats

 Plays Quiz Updated Feb 5, 2013

Challenge
Share
Tweet
Embed
Score 0/20 Timer 04:00
0 Plays Today
Quote Missing Word % Correct
First rule of Sporcle Club is - you do not talk about Sporcle Club.fight
96.5%
Hasta la vista, Sporcle.baby
95.7%
I've got a feeling we're not in Sporcle anymore.Kansas
95.1%
No other factory in the world mixes its Sporcle by waterfall. But it's the only way if you want it just... right.chocolate
95%
To Sporcle, and beyond!infinity
92.7%
A Sporcle. Shaken, not stirred.martini
92.3%
With great power comes great Sporcle.responsibility
91.7%
You've got to ask yourself one question: 'Do I feel Sporcle?' Well, do ya, punk?lucky
89.4%
I do wish we could chat longer, but I'm having an old Sporcle for dinner.friend
89.1%
Hello. My name is Inigo Montoya. You killed my Sporcle. Prepare to die!father
85.9%
Quote Missing Word % Correct
We're on a mission from Sporcle.God
79.8%
I love the smell of Sporcle in the morning.napalm
78.4%
Sporcle! Why did it have to be Sporcle?snakes
75.8%
That'll do, Sporcle. That'll do.pig
75.2%
Funny like I'm a Sporcle? I amuse you?clown
67.7%
Oh, no, it wasn't the airplanes. It was Sporcle killed the beast.beauty
64%
Why don't you come up sometime and see Sporcle?me
63.8%
Wait a minute, Doc. Are you telling me you built a time machine... out of a Sporcle?DeLorean
63.2%
You don't understand! I coulda had class. I coulda been a Sporcle.contender
61.7%
You're only supposed to blow the bloody Sporcle off!doors
26.9%

You're not logged in!

Compare scores with friends on all Sporcle quizzes.
OR
Log In

You Might Also Like...

Show Comments

Extras

Top Quizzes Today


Score Distribution

Your Account Isn't Verified!

In order to create a playlist on Sporcle, you need to verify the email address you used during registration. Go to your Sporcle Settings to finish the process.

Report this User

Report this user for behavior that violates our Community Guidelines.

Details: